Temas de derecho notarial y calificación registral del instrumento público / (Record no. 177613)

MARC details
000 -LEADER
campo de control de longitud fija 00972nam a22002415i 4500
001 - NÚMERO DE CONTROL
campo de control 177613
003 - IDENTIFICADOR DE NÚMERO DE CONTROL
campo de control ES-MaACL
005 - FECHA Y HORA DE LA ÚLTIMA TRANSACCIÓN
campo de control 20250809034227.0
008 - DATOS DE LONGITUD FIJA--INFORMACIÓN GENERAL
campo de control de longitud fija 110406s1972 sp |||| | spa d
080 ## - NÚMERO DE LA CLASIFICACIÓN DECIMAL UNIVERSAL
Número de la Clasificación Decimal Universal 347.961(460)
100 1# - ENTRADA PRINCIPAL--NOMBRE DE PERSONA
Nombre de persona Chico y Ortiz, José María.
9 (RLIN) 38492
245 10 - MENCIÓN DEL TÍTULO
Título Temas de derecho notarial y calificación registral del instrumento público /
Mención de responsabilidad, etc. por José Mª Chico Ortiz y Catalino Ramírez Ramírez ; prólogo de José Luis Martínez Gil.
260 ## - PUBLICACIÓN, DISTRIBUCIÓN, ETC.
Lugar de publicación, distribución, etc. Madrid :
Nombre del editor, distribuidor, etc. Montecorvo,
Fecha de publicación, distribución, etc. 1972.
300 ## - DESCRIPCIÓN FÍSICA
Extensión 334 p. ;
Dimensiones 25 cm.
490 1# - MENCIÓN DE SERIE
Mención de serie Monografías. Colección de estudios jurídicos ;
Designación de volumen o secuencia 35
504 ## - NOTA DE BIBLIOGRAFÍA, ETC.
Nota de bibliografía, etc. Bibliografía: p. 319-321.
650 04 - PUNTO DE ACCESO ADICIONAL DE MATERIA--TÉRMINO DE MATERIA
Término de materia o nombre geográfico como elemento de entrada Derecho notarial-
Subdivisión geográfica España
9 (RLIN) 11745
700 1# - ENTRADA AGREGADA--NOMBRE PERSONAL
Nombre de persona Ramírez Ramírez, Catalino.
9 (RLIN) 146027
700 1# - ENTRADA AGREGADA--NOMBRE PERSONAL
Nombre de persona Martínez Gil, José Luis.
9 (RLIN) 146028
830 0# - PUNTO DE ACCESO ADICIONAL DE SERIE-TÍTULO UNIFORME
Título uniforme Monografías. Colección de estudios jurídicos ;
Designación de volumen o secuencia 35
9 (RLIN) 190484
852 ## - LOCALIZACIÓN
Ubicación ES-MaACL
Número de control de estantería E-14817
Encuadernación Olim P-860-bis
Holdings
Estatus retirado Estado de pérdida Estado de daño No para préstamo Biblioteca de origen Biblioteca actual Ubicación en estantería Fecha de adquisición Fuente de adquisición Total de préstamos Signatura topográfica completa Código de barras Visto por última vez Precio de reemplazo Tipo de ítem Koha
        Biblioteca del Ateneo de Madrid Biblioteca del Ateneo de Madrid Depósito 2 06/04/2011     E-14817 1186562 23/02/2023 23/02/2023 Libro impreso